000 00852nam a2200253Ia 4500
003 GCL
008 140319s9999 xx 000 0 ara d
040 _aGCL /
_cGCL
082 0 4 _a338.9
_bم ت
100 1 _aمركز البحوث والدراسات السياسية
245 1 0 _aتحليل السياسات العامة فى مصر /
_cمركز البحوث والدراسات السياسية
260 _a[S.N] :
_bمكتبة النهضة المصرية ،
_c1988
300 _a188 ص
490 _a
650 0 4 _aالعالم العربى
650 0 4 _aالتخطيط الاقتصادى
650 0 4 _aالسياسة
650 0 4 _aالتنمية
650 0 4 _aالغذاء
650 0 4 _aالمشاكل الاقتصادية
650 0 4 _aالسياسة العامة
650 0 4 _aالسياسة الداخلية
942 _2ddc
_cBK
999 _c30670
_d30670